Forbidden Sexual Behavior and Morality

محفوظ في:
التفاصيل البيبلوغرافية
المؤلف الرئيسي: Masters, Robert E. L.
التنسيق: كتاب
اللغة:الإنجليزية
منشور في: Julian Press 1962
الوسوم: إضافة وسم
لا توجد وسوم, كن أول من يضع وسما على هذه التسجيلة!

MARC

LEADER 00000nam a2200000 4500
005 20240918185639.0
008 240731b |||||||| |||| 00| 0 eng d
040 |c GP 
100 |a Masters, Robert E. L. 
245 |a Forbidden Sexual Behavior and Morality 
260 |b Julian Press  |c 1962 
942 |2 ddc  |c BK  |n 0 
952 |0 0  |1 0  |2 ddc  |4 0  |6 810_000000000000000_MAS  |7 1  |9 1738  |a RM  |b RM  |d 2024-07-31  |l 0  |o 810 MAS  |p 523  |r 2024-07-31 18:37:05  |w 2024-07-31  |y BK 
999 |c 1554  |d 1554